La mia famiglia arcobaleno

সংরক্ষণ করুন:
গ্রন্থ-পঞ্জীর বিবরন
প্রধান লেখক: Roma, Monia
বিন্যাস: গ্রন্থ
ভাষা:ইংরেজি
প্রকাশিত: Indipendente 2019
ট্যাগগুলো: ট্যাগ যুক্ত করুন
কোনো ট্যাগ নেই, প্রথমজন হিসাবে ট্যাগ করুন!

MARC

LEADER 00000nam a2200000 4500
005 20241009165845.0
008 241009b |||||||| |||| 00| 0 eng d
020 |a 978-1072696209 
040 |c GP 
100 |a Roma, Monia 
245 |a La mia famiglia arcobaleno 
260 |b Indipendente  |c 2019 
942 |2 ddc  |c BK  |n 0 
952 |0 0  |1 0  |2 ddc  |4 0  |6 853_000000000000000_914R_ROM  |7 1  |9 2080  |a RM  |b RM  |d 2024-10-09  |l 0  |o 853 914R ROM  |p 810  |r 2024-10-09 16:59:05  |w 2024-10-09  |y BK 
999 |c 1820  |d 1820